| 000 | 01005cam a2200325 4500 | ||
|---|---|---|---|
| 999 |
_c25508 _d25508 |
||
| 003 | BJBSDDR | ||
| 005 | 20230410103754.0 | ||
| 007 | ta | ||
| 008 | 060907s2005 sp spa | ||
| 020 | _a8447338401 (Obra completa) | ||
| 020 | _a9788447338405 (Obra completa) | ||
| 020 | _a844733998X (v.1) | ||
| 020 | _a8447342409 (v.2) | ||
| 020 | _a8447338401 (v.3) | ||
| 020 | _a8447343189 (v.4) | ||
| 040 |
_bspa _cBJBSDDR |
||
| 041 | _aspa | ||
| 050 | 1 | 4 |
_a324 DG 209 _bM733h 2005 |
| 082 | 0 | 0 | _a937 |
| 100 | 1 |
_aMommsen, Theodor, _d1817-1903. |
|
| 240 | 1 | 0 |
_aHistory of Rome. _lSpanish |
| 245 | 1 |
_aHistoria de Roma / _cTheodor Mommsen |
|
| 260 |
_aBarcelona : _bRBA, _c2005 |
||
| 300 |
_av. <1-4> ; _c23 cm. |
||
| 440 | 0 | _aGrandes obras de la cultura | |
| 500 | _aTraducción original de A. García Moreno, publicada en 1894. | ||
| 651 | 4 |
_96370 _aRoma _xHistoria |
|
| 856 | 4 | 2 | _3Publisher description |u http://www.loc.gov/catdir/enhancements/fy0649/97131442-d.html |
| 942 |
_2lcc _cBK |
||